<?xml version="1.0" encoding="UTF-8"?>
<collection xmlns:xsi="http://www.w3.org/2001/XMLSchema-instance" xsi:schemaLocation="http://www.loc.gov/MARC21/slim http://www.loc.gov/standards/marcxml/schema/MARC21slim.xsd" xmlns="http://www.loc.gov/MARC21/slim">
 <record>
  <leader>00000cam a22000004i 4500</leader>
  <controlfield tag="001">UP-8027390931312542474</controlfield>
  <controlfield tag="003">Buklod</controlfield>
  <controlfield tag="005">20210304160527.0</controlfield>
  <controlfield tag="006">o--- |     ||   ||</controlfield>
  <controlfield tag="007">ta</controlfield>
  <controlfield tag="008">210304s2019    xx     d     r    |||| u|</controlfield>
  <datafield tag="020" ind1=" " ind2=" ">
   <subfield code="a">9781138668973</subfield>
  </datafield>
  <datafield tag="035" ind1=" " ind2=" ">
   <subfield code="a">(iLib)UPCEB-00012051275</subfield>
  </datafield>
  <datafield tag="040" ind1=" " ind2=" ">
   <subfield code="a">DLC</subfield>
   <subfield code="b">eng</subfield>
   <subfield code="e">rda</subfield>
   <subfield code="c">DLC</subfield>
   <subfield code="d">OCLCO</subfield>
   <subfield code="d">OCLCF</subfield>
   <subfield code="d">YDX</subfield>
   <subfield code="d">ERASA</subfield>
  </datafield>
  <datafield tag="041" ind1=" " ind2=" ">
   <subfield code="a">eng</subfield>
  </datafield>
  <datafield tag="042" ind1=" " ind2=" ">
   <subfield code="a">pcc</subfield>
  </datafield>
  <datafield tag="090" ind1=" " ind2="0">
   <subfield code="a">JZ 1254</subfield>
   <subfield code="b">S37 2019</subfield>
  </datafield>
  <datafield tag="245" ind1="0" ind2="0">
   <subfield code="a">Science, technology, and art in international relations</subfield>
   <subfield code="c">edited by J.P. Singh, Madeline Carr, and Renee Marlin-Bennett.</subfield>
  </datafield>
  <datafield tag="264" ind1=" " ind2="1">
   <subfield code="a">New York, NY</subfield>
   <subfield code="b">Routledge</subfield>
   <subfield code="c">c2019</subfield>
  </datafield>
  <datafield tag="300" ind1=" " ind2=" ">
   <subfield code="a">xvii, 213 pages</subfield>
   <subfield code="c">23 cm.</subfield>
  </datafield>
  <datafield tag="500" ind1=" " ind2=" ">
   <subfield code="a">Prof. Imbong (Recommending faculty) - Bookfair2019</subfield>
  </datafield>
  <datafield tag="504" ind1=" " ind2=" ">
   <subfield code="a">Includes bibliographical references and index.</subfield>
  </datafield>
  <datafield tag="505" ind1="0" ind2=" ">
   <subfield code="a">Science, technology, and art in international relations : origins and prospects / J.P. Singh -- A role for phenomenology in ir scholarship / Alena Drieschova -- How to discomfort a worldview? : social sciences, surveillance technologies, and defamiliarization / Rocco Bellanova and Ann Rudinow Saetnan -- World-viewing as world-making : feminist technoscience, international relations, and the aesthetics of the anthropocene / Cara Daggett -- Emerging science and technologies : diplomacy, security, and governance / Margaret E. Kosal -- Constructed &quot;cyber&quot; realities &amp; international relations theory / Ben Wagner -- Constructing an inventive order of rights : the geopolitics of island-building in transnational waters / Venilla Rajaguru -- IR's constitutive absence and the promise of STAIR / Maximilian Mayer -- &quot;The heart is a pump. Or is it?&quot; : the politics of biomedicine, the objectivity of science, and the way we know the world / Christina Hellmich -- Thinking through the science, technology, and art of medicine : an agenda for international relations / Alison Howell -- Oceanic artscapes and international relations / Camellia Webb-Gannon -- From the globe to the germ, and back / Michele Acuto -- Science in the international political economy / David J Hornsby -- Creativity as a worldview : power in collaborative practices / Willow Williamson -- Reflexivity and political analysis : if everything is socially constructed, how can we construct theories? / Peter M. Haas -- Art and agency : alternative spaces for subaltern voices / M?onica Trujillo-L?opez -- Cookbooks, politics, and culture / Ilan Zvi Baron -- Human/nonhuman assemblages in STAIR : understanding distributed agency in international relations / Kathleen P. J. Brennan -- Resistance to a worldview / Ritu Mathur.</subfield>
  </datafield>
  <datafield tag="520" ind1="8" ind2=" ">
   <subfield code="a">This volume brings together 19 original chapters, plus four substantive introductions, which collectively provide a unique examination of the issues of science, technology, and art in international relations. The overarching theme of the book links global politics with human interventions in the world: We cannot disconnect how humans act on the world through science, technology, and artistic endeavors from the engagements and practices that together constitute IR. There is science, technology, and even artistry in the conduct of war-and in the conduct of peace as well. Scholars and students of international relations are beginning to explore these connections, and the authors of the chapters in this volume from around the world are at the forefront.</subfield>
  </datafield>
  <datafield tag="650" ind1=" " ind2="0">
   <subfield code="a">Science and international relations.</subfield>
  </datafield>
  <datafield tag="650" ind1=" " ind2="0">
   <subfield code="a">Technology and international relations.</subfield>
  </datafield>
  <datafield tag="650" ind1=" " ind2="0">
   <subfield code="a">International relations and culture.</subfield>
  </datafield>
  <datafield tag="650" ind1=" " ind2="0">
   <subfield code="a">International relations</subfield>
   <subfield code="x">Philosophy.</subfield>
  </datafield>
  <datafield tag="700" ind1="1" ind2=" ">
   <subfield code="a">Singh, J. P.</subfield>
   <subfield code="d">1961-</subfield>
   <subfield code="e">editor.</subfield>
  </datafield>
  <datafield tag="700" ind1="1" ind2=" ">
   <subfield code="a">Carr, Madeline</subfield>
   <subfield code="e">editor.</subfield>
  </datafield>
  <datafield tag="700" ind1="1" ind2=" ">
   <subfield code="a">Marlin-Bennett, Ren?ee</subfield>
   <subfield code="d">1959-</subfield>
   <subfield code="e">editor.</subfield>
  </datafield>
  <datafield tag="776" ind1="0" ind2="8">
   <subfield code="i">Online version</subfield>
   <subfield code="t">Science, technology, and art in international relations</subfield>
   <subfield code="d">New York, NY : Routledge, 2019</subfield>
   <subfield code="z">9781315618371</subfield>
   <subfield code="w">(DLC)  2018061772.</subfield>
  </datafield>
  <datafield tag="905" ind1=" " ind2=" ">
   <subfield code="a">FO</subfield>
  </datafield>
  <datafield tag="852" ind1="0" ind2=" ">
   <subfield code="a">UPCEB</subfield>
   <subfield code="b">CEBU-LAHUG</subfield>
   <subfield code="h">JZ 1254 S37 2019</subfield>
  </datafield>
  <datafield tag="942" ind1=" " ind2=" ">
   <subfield code="a">Book</subfield>
  </datafield>
 </record>
</collection>
